Joueurs de l'équipe du stade reannais Janvier 2022 - Statistiques

Statistiques générales
  • Ce quiz a été pris 46 fois
  • Le résultat moyen est 18 sur 28
Statistiques - réponses
Poste Réponse % Correct
Attaquant Terrier
95%
Gardien Gomis
90%
Attaquant Laborde
90%
Milieu Bourigeaud
87%
Attaquant Doku
87%
Défenseur Traoré
82%
Milieu Majer
77%
Attaquant Sulemana
77%
Défenseur Meling
74%
Milieu Tait
74%
Défenseur Truffert
74%
Attaquant Guirassy
72%
Milieu Santamaria
72%
Défenseur Aguerd
69%
Défenseur Badé
67%
Milieu Martin
64%
Défenseur Omari
64%
Gardien Salin
64%
Gardien Alemdar
56%
Défenseur Assignon
54%
Attaquant Tel
49%
Attaquantt Abline
46%
Gardien Bonet
46%
Milieu Ugochukwu
44%
Attaquant Tchaouna
33%
Milieu Diouf
28%
Milieu Gelin
26%
Attaquant Güçlü
8%
Aucun quiz correspondant
Distribution des résultats
% des personnes avec chaque résultat
Percentile par nombre de réponses
Votre historique - résultats
Vous n’avez pas pris ce quiz